LEADER 01138nam0-2200361li-450 001 990000164660203316 005 20180312154721.0 010 $a88-481-0188-7 035 $a0016466 035 $aUSA010016466 035 $a(ALEPH)000016466USA01 035 $a0016466 100 $a20001109d1995----km-y0itay0103----ba 101 0 $aeng 102 $aIT 200 1 $aNew rider's official Internet yellow pages$fChristine Maxwell ... [et al.] 205 $a2nd ed 210 $aMilano$cTecniche Nuove$dcopyr. 1995 606 $aInternet $xindirizzi 676 $a910.25$9Repertori di persone e organizzazioni 702 1$aMAXWELL,$bChristine 801 $aSistema bibliotecario di Ateneo dell' Università di Salerno$gRICA 912 $a990000164660203316 951 $a910.25 NEW$b6114 Ing.$c910$dY 959 $aBK 969 $aTEC 979 $c19950703 979 $c20001110$lUSA01$h1712 979 $aJOHNNY$b90$c20020103$lUSA01$h1155 979 $c20020403$lUSA01$h1624 979 $aPATRY$b90$c20040406$lUSA01$h1612 996 $aNew rider's official Internet yellow pages$91491919 997 $aUNISA